The Evolution of Church Building (Record no. 53)
[ view plain ]
| 000 -LEADER | |
|---|---|
| fixed length control field | 00264nam a2200109Ia 4500 |
| 008 - FIXED-LENGTH DATA ELEMENTS--GENERAL INFORMATION | |
| fixed length control field | 200302s9999 xx 000 0 und d |
| 100 ## - MAIN ENTRY--PERSONAL NAME | |
| Personal name | Jack Bowyer |
| 245 ## - TITLE STATEMENT | |
| Title | The Evolution of Church Building |
| 260 ## - PUBLICATION, DISTRIBUTION, ETC. | |
| Name of publisher, distributor, etc. | Granada Publishing Ltd. |
| 260 ## - PUBLICATION, DISTRIBUTION, ETC. | |
| Date of publication, distribution, etc. | 1977 |
| 300 ## - PHYSICAL DESCRIPTION | |
| Extent | 139 P., |
| Withdrawn status | Lost status | Damaged status | Not for loan | Permanent Location | Current Location | Date acquired | Cost, normal purchase price | Total Checkouts | Barcode | Date last seen | Date last checked out | Price effective from | Koha item type |
|---|---|---|---|---|---|---|---|---|---|---|---|---|---|
| BMS College of Architecture, Design and Planning | BMS College of Architecture, Design and Planning | 2020-03-03 | 2397.60 | 1 | CL-UG18162 | 2025-07-03 | 2025-05-30 | 2020-03-03 | UG Books from CL |